Financial market trends june 2001

Saved in:
Bibliographic Details
Format: Book
Language:English
Published: Paris OECD 2001
Series:Finance and investment
Subjects:
Tags: Add Tag
No Tags, Be the first to tag this record!

MARC

LEADER 00000nam a2200000 4500
001 c126846
005 20221124103105.6
020 |a 92-64-19092-9 
022 |a 0378-651X 
041 0 |a eng 
044 |a FR 
245 1 0 |a Financial market trends  |b june 2001 
264 1 |a Paris  |b OECD  |c 2001 
300 |a 178 s. 
490 1 |a Finance and investment 
830 0 |a Finance and investment 
610 2 0 |a trh finančný 
610 2 0 |a trh finančný medzinárodný 
610 2 0 |a trh kapitálový medzinárodný 
610 2 0 |a kurz devízový 
610 2 0 |a miera úroková 
610 2 0 |a privatizácia 
610 2 0 |a regionalizácia 
610 2 0 |a distribúcia 
610 2 0 |a rozvoj hospodársky 
610 2 0 |a procesy sociálne 
610 2 0 |a poisťovníctvo 
610 2 0 |a investície priame zahraničné 
610 2 0 |a dôchodky 
610 2 0 |a údaje štatistické 
610 2 0 |a svet 
610 2 0 |a Rusko